Έρευνα αγοράς
Αποθηκεύτηκε σε:
| Κύριος συγγραφέας: | |
|---|---|
| Άλλοι συγγραφείς: | |
| Μορφή: | Βιβλίο |
| Γλώσσα: | Greek |
| Δημοσίευση: |
Αθήνα:
Λιβάνης,
2015.
|
| Θέματα: | |
| Ετικέτες: |
Προσθήκη ετικέτας
Δεν υπάρχουν, Καταχωρήστε ετικέτα πρώτοι!
|
MARC
| LEADER | 00000nam a2200000 a 4500 | ||
|---|---|---|---|
| 001 | 1/117043 | ||
| 008 | 180724t2015####gr | ||| |||| ||gre|| | ||
| 020 | |a 9789601429779 |q (χαρτόδετο) | ||
| 040 | |a GR-MyUa |b gre |c GR-MyUa |e AACR2 | ||
| 041 | 0 | |a gre | |
| 082 | 7 | |a 658.83 |2 (23) | |
| 100 | 1 | |a Σιώμκος, Γεώργιος Ι. | |
| 245 | 1 | |a Έρευνα αγοράς / |c Γιώργος Ι. Σιώμκος και Δημήτρης Α. Μαύρος. | |
| 260 | |a Αθήνα: |b Λιβάνης, |c 2015. | ||
| 300 | |a 478 σ. : |b διαγρ., πίν., έγχρ. εικ. ; |c 2015. | ||
| 504 | |a Βιβλιογραφία: σ. 473-478. | ||
| 650 | 0 | |a Marketing research. | |
| 700 | 1 | |a Μαύρος, Δημήτρης Α. | |
| 852 | |a INST |b CHIOS |c EUDOXUS |e 20180724 |h 658.83 ΣΙΩ |p 005200037767 |q 005200037767 |t BK |y 0 | ||
| 852 | |a INST |b CHIOS |c EUDOXUS |e 20180913 |h 658.83 ΣΙΩ |p 005200038675 |q 005200038675 |t BK |y 0 | ||
| 920 | |a Παραγγελία |y Χίος-ΤΔΕ |z 2018-05 | ||
| 920 | |a Εύδοξος |b Επιστροφή |y Χίος |z 2018-09 | ||
| 920 | |y Χίος |z 2019-03 | ||
| 970 | |a Σπέντζα |b Ελένη |z 24-07-2018 | ||